|
|
|
|
| LEADER |
00000nam2a2200000 4500 |
| 001 |
52410 |
| 005 |
20231031041548.0 |
| 010 |
|
|
|a 5922103768
|
| 035 |
|
|
|a (RuTPU)RU\TPU\book\54918
|
| 090 |
|
|
|a 52410
|
| 100 |
|
|
|a 20030529d2002 k y0rusy50 ca
|
| 101 |
0 |
|
|a rus
|
| 102 |
|
|
|a RU
|
| 105 |
|
|
|a a z 001zy
|
| 200 |
0 |
|
|a Вып. 11
|f под ред. О. Б. Лупанова
|
| 210 |
|
|
|d 2002
|
| 215 |
|
|
|a 288 с.
|c ил.
|
| 320 |
|
|
|a Библиогр. в конце статей
|
| 461 |
|
1 |
|0 (RuTPU)RU\TPU\book\70650
|t Математические вопросы кибернетики
|o сборник статей
|v Вып. 11
|d 1988-
|
| 610 |
1 |
|
|a кибернетика
|
| 610 |
1 |
|
|a математические основы
|
| 610 |
1 |
|
|a полиномиальные тождества
|
| 610 |
1 |
|
|a вычислимость
|
| 610 |
1 |
|
|a отношение Штейнера
|
| 610 |
1 |
|
|a модальные логики
|
| 610 |
1 |
|
|a арифметика
|
| 610 |
1 |
|
|a бинарные распределения
|
| 610 |
1 |
|
|a булевы функции
|
| 610 |
1 |
|
|a дискретная математика
|
| 610 |
1 |
|
|a математическая логика
|
| 610 |
1 |
|
|a программирование
|
| 610 |
1 |
|
|a управляющие системы
|
| 610 |
1 |
|
|a сложности
|
| 610 |
1 |
|
|a надежность
|
| 610 |
1 |
|
|a криптография
|
| 675 |
|
|
|a 681.5:51
|v 3
|
| 702 |
|
1 |
|a Лупанов
|b О. Б.
|4 340
|
| 801 |
|
1 |
|a RU
|b 63413507
|c 20030529
|g PSBO
|
| 801 |
|
2 |
|a RU
|b 63413507
|c 20140320
|g PSBO
|
| 942 |
|
|
|c BK
|